01137cam a22002897a 4500001000500000005001700005020001800022040002300040050001500063082000800078100003200086245011300118246002900231250003300260260003700293300004000330490003000370500002900400500005500429500004800484505000800532520019300540521001700733521001800750650004400768700003500812210020240221114620.0 a9780142408896 aDLCcDLCdDLCbeng00aPZ7.S6852400a5111 aSobol, Donald J.d1924-201210aEncyclopedia Brown and the case of the secret pitch /cby Donald J. Sobol ; Illustrated by Leonard Shortall.30aCase of the secret pitch aReinforced library bound ed. aNew York :bPuffin Books ;c2007 a96 pages :billustration ;c19 cm .0 aEncyclopedia Brown series aFirst published in 1965. a"Puffin Books, an imprint of Penguin Group (USA)." a"Everyone's favorite boy detective"--Cover. aO  aIdaville's secret weapon against lawbreakers, ten-year-old Leroy "Encyclopedia" Brown, helps the police force solve ten new cases, the solutions to which are found in the back of the book. a630 bLexile aO bRaz-Plus 1aMystery and detective stories.vfiction1 aShortall, Leonardeillustrator